00584nam a22001817a 450000500170000001000150001702000110003203500130004303700130005608200170006924500850008626000460017127000500021730000310026750500280029865000320032665000440035820100823153214.0 aENG-101323 c300.00 aEN-84856 bDBAD/PUB a363.17990954 aResearch in basic sciences at DAE institutions /cby Department of Atomic Energy aMumbaibDepartment of Atomic Energyc2005 aAnushakti Bhavan, C.S.M. MargbMumbaie400001 av.1 (xiv,342p.)c28cm (Hb) av.1- The chain reaction aNuclear engineeringxSafety aNuclear measures industryxGovt. policy